| 000 | 01305nam a2200313Ia 4500 | ||
|---|---|---|---|
| 005 | 20220317001905.0 | ||
| 008 | 170410s2012 mx g 000 0 s | ||
| 020 | _a9786071611918 | ||
| 041 | _aspa | ||
| 082 | 0 | 4 |
_a181.11 _bG71d |
| 100 | 1 |
_aGraham, A. C. (Angus Charles) _d1919-1991 |
|
| 245 | 1 | 3 |
_aEl Dao en disputa _bla argumentación filosófica en la China antigua _cAngus Charles Graham ; traducción de Daniel Stern ; revisión de Flora Botton |
| 250 | _a1a. edición | ||
| 300 |
_a589 páginas _c21 cm |
||
| 490 | _aSección de obras de filosofía | ||
| 500 | _aIncluye bibliografía, índice analítico y onomástico | ||
| 505 | _aEl colapso del orden mundial -- De crisis social a crisis metafísica: el cielo se separa del hombre -- El cielo y el hombre toman caminos distintos -- La reunificación del imperio y la del cielo y el hombre | ||
| 650 | 1 | 4 |
_2LEMB _aFilosofía antigua |
| 650 | 1 | 4 |
_2LEMB _aFilosofía oriental |
| 650 | 1 | 4 |
_2LEMB _aFilosofía china |
| 700 | 1 |
_aBotton Burlá, Flora _978626 |
|
| 700 | 1 |
_aStern, Daniel N. _978627 |
|
| 942 |
_2ddc _cBK |
||
| 264 |
_aMéxico _bFondo de Cultura Económica _c2012 |
||
| 336 |
_atexto _btxt _2rdacontent |
||
| 337 |
_asin mediación _bn _2rdamedia |
||
| 338 |
_avolumen _bnc _2rdacarrier |
||
| 040 |
_aCO-BoRNBP _bspa _erda _cCO-BoRNBP |
||
| 999 |
_c8435 _d8435 |
||